Statistics for Upside Down Country Shape Quiz #2

Click here to take the quiz!

General Stats

  • This quiz has been taken 1,576 times
  • The average score is 13 of 16

Answer Stats

Country% Correct
Italy
98%
United Kingdom
96%
Japan
94%
Canada
93%
China
93%
Norway
92%
South Africa
91%
Vietnam
91%
Argentina
87%
Nepal
82%
Saudi Arabia
76%
Zambia
72%
Colombia
65%
Belarus
63%
Nigeria
61%
Burkina Faso
56%

Score Distribution

Percentile by Number Answered

Percent of People with Each Score

Your Score History

You have not taken this quiz